Normal view MARC view

Entry Uniform Title

Number of records used in: 1

001 - CONTROL NUMBER

  • control field: 30064

003 - CONTROL NUMBER IDENTIFIER

  • control field: dpl

005 - DATE AND TIME OF LATEST TRANSACTION

  • control field: 20110726101422.0

008 - FIXED-LENGTH DATA ELEMENTS

  • fixed length control field: 110726|||a|||||| | ||| d

040 ## - CATALOGING SOURCE

  • Original cataloging agency: dpl
  • Transcribing agency: dpl

130 ## - HEADING--UNIFORM TITLE

  • Uniform title: India-the land and the people

670 ## - SOURCE DATA FOUND

  • Source citation: Work cat.: (dpl): Mago, Pran Nath 30063, Contemporary art in India:, 2009

670 ## - SOURCE DATA FOUND

  • Source citation: Work cat.: (dpl): Mago, Pran Nath 30063, Contemporary art in India:, 2009

© Delhi Public Library
Hit Counter
free hit counter